| 000 | 00474nam a2200169 a 4500 | ||
|---|---|---|---|
| 005 | 20140412111305.0 | ||
| 008 | 010430s19uu xx 00 eng d | ||
| 050 |
_aTR(PS E _bMy99 |
||
| 100 | _aRandell, Beverley | ||
| 245 |
_aMy doll's house / _cBeverley Randell. |
||
| 260 |
_aLondon : _bMethuen Educational Ltd, _c1974. |
||
| 300 | _a1v. (unp.) ; ill. | ||
| 440 | _aA Methuen Caption Book | ||
| 650 | _aDolls-Stories | ||
| 650 | _aChildren's stories | ||
| 999 |
_c103626 _d103626 |
||